[Event "Chiclayo Raffo Niquen IRT 1st"]
[Site "Chiclayo"]
[Date "2012.09.04"]
[Round "7"]
[White "Solis Chimoy, Blanca de Lourdes"]
[Black "Pedemonte, Luis"]
[Result "0-1"]
[WhiteElo "1562"]
[BlackElo "1858"]
[PlyCount "44"]
[EventDate "2012.09.01"]
[EventType "swiss"]
[EventRounds "7"]
[EventCountry "PER"]
[SourceTitle "EXT 2013"]
[Source "ChessBase"]
[SourceDate "2012.11.22"]
[SourceVersion "1"]
[SourceVersionDate "2012.11.22"]
[SourceQuality "1"]

1. d4 d5 2. Bg5 Nf6 3. f4 Bf5 4. e3 Nbd7 5. Nf3 e6 6. a3 Be7 7. Nbd2 h6 8. Bh4 Ne4 9. Bxe7 Qxe7 10. g4 Nxd2 11. Qxd2 Be4 12. Bg2 0-0-0 13. c3 Kb8 14. b4 Nb6 15. a4 Nc4 16. Qf2 f6 17. Bf1 e5 18. Bxc4 dxc4 19. 0-0-0 exd4 20. exd4 Qd7 21. Rhf1 Qxg4 22. Qb2 Bxf3 0-1